[Event "Cesme op-A 11th"]
[Site "Izmir"]
[Date "2025.06.29"]
[Round "9"]
[White "Cilek, Bora"]
[Black "Sliwicka, Alicja"]
[Result "1/2-1/2"]
[WhiteElo "2266"]
[BlackElo "2299"]
[PlyCount "35"]
[EventDate "2025.06.23"]
[EventType "swiss"]
[EventRounds "9"]
[EventCountry "TUR"]
[SourceTitle "CB27_2025"]
[SourceDate "2025.07.02"]
[SourceVersion "1"]
[SourceVersionDate "2025.07.02"]
[SourceQuality "1"]

1. Nf3 d5 2. g3 Nf6 3. Bg2 e6 4. 0-0 Bd6 5. c4 0-0 6. b3 b6 7. Bb2 Bb7 8. Nc3 a6 9. d4 Nbd7 10. Nd2 Rb8 11. e4 dxe4 12. Ndxe4 Nxe4 13. Nxe4 Be7 14. Qe2 Nf6 15. Rad1 Nxe4 16. Bxe4 Bxe4 17. Qxe4 Bf6 18. Ba3 1/2-1/2

[Event "Cesme op-A 11th"]
[Site "Izmir"]
[Date "2025.06.24"]
[Round "3"]
[White "Akbas, Kaan"]
[Black "Cilek, Bora"]
[Result "0-1"]
[WhiteElo "2070"]
[BlackElo "2266"]
[PlyCount "60"]
[EventDate "2025.06.23"]
[EventType "swiss"]
[EventRounds "9"]
[EventCountry "TUR"]
[SourceTitle "CB27_2025"]
[SourceDate "2025.07.02"]
[SourceVersion "1"]
[SourceVersionDate "2025.07.02"]
[SourceQuality "1"]

1. d4 Nf6 2. Nf3 d5 3. c4 e6 4. g3 dxc4 5. Bg2 c5 6. 0-0 Nc6 7. Ne5 Bd7 8. Na3 cxd4 9. Naxc4 Be7 10. Qb3 Qc7 11. Nxc6 Bxc6 12. Bf4 Qd8 13. Bxc6+ bxc6 14. Ne5 c5 15. Qb5+ Nd7 16. Rfc1 f6 17. Nc6 Qb6 18. Qa4 e5 19. Bd2 Rc8 20. Na5 Qe6 21. b4 Kf7 22. b5 Nb6 23. Qc2 c4 24. Nc6 c3 25. Be1 Ba3 26. e3 Rxc6 27. bxc6 Bxc1 28. Rxc1 Qxc6 29. exd4 exd4 30. Rd1 Re8 0-1

[Event "Cesme op-A 11th"]
[Site "Izmir"]
[Date "2025.06.24"]
[Round "2"]
[White "Golshaani, Taha"]
[Black "Cilek, Bora"]
[Result "1/2-1/2"]
[WhiteElo "2142"]
[BlackElo "2266"]
[PlyCount "119"]
[EventDate "2025.06.23"]
[EventType "swiss"]
[EventRounds "9"]
[EventCountry "TUR"]
[SourceTitle "CB27_2025"]
[SourceDate "2025.07.02"]
[SourceVersion "1"]
[SourceVersionDate "2025.07.02"]
[SourceQuality "1"]

1. Nf3 Nf6 2. g3 d5 3. Bg2 e6 4. 0-0 c5 5. d4 Nc6 6. c4 dxc4 7. Qa4 Bd7 8. Qxc4 b5 9. Qc3 b4 10. Qd3 Rc8 11. Bf4 cxd4 12. Nbd2 Nd5 13. Be5 Nxe5 14. Nxe5 Bd6 15. Nxd7 Qxd7 16. Bxd5 exd5 17. Qxd4 Qe6 18. e4 Qe5 19. Qxd5 Qxd5 20. exd5 Kd7 21. Rac1 Rhe8 22. Nc4 Rc5 23. Rfd1 Re4 24. Nxd6 Rxc1 25. Rxc1 Kxd6 26. Rc6+ Kxd5 27. Rc7 Re2 28. Rxf7 a6 29. Ra7 Rxb2 30. Rxa6 Ke5 31. Kg2 Kf5 32. Kf3 b3 33. g4+ Ke5 34. axb3 Rxb3+ 35. Kg2 g6 36. h4 Kf4 37. Ra4+ Ke5 38. g5 Rb7 39. Kg3 Ke6 40. Rf4 Rb1 41. Rf6+ Ke7 42. h5 gxh5 43. f4 Rg1+ 44. Kf3 Rf1+ 45. Kg2 Ra1 46. Kf2 Ra3 47. Rh6 Kf7 48. Rxh7+ Kg6 49. Rh6+ Kf5 50. Rf6+ Ke4 51. g6 h4 52. Kg2 Rg3+ 53. Kh2 Kf3 54. f5 Rg2+ 55. Kh1 Kg3 56. Rb6 Rh2+ 57. Kg1 Rg2+ 58. Kh1 Rh2+ 59. Kg1 Rg2+ 60. Kh1 1/2-1/2

[Event "Titled Tuesday intern op 20th Aug Late"]
[Site "Chess.com INT"]
[Date "2024.08.20"]
[Round "2"]
[White "Cilek, Bora"]
[Black "Fiorito, Joaquin"]
[Result "1-0"]
[WhiteElo "2258"]
[BlackElo "2403"]
[PlyCount "139"]
[EventDate "2024.08.20"]
[EventType "swiss (blitz)"]
[EventRounds "11"]
[EventCountry "USA"]
[SourceTitle "EXT 2025"]
[Source "ChessBase"]
[SourceDate "2024.10.14"]
[SourceVersion "1"]
[SourceVersionDate "2024.10.14"]
[SourceQuality "1"]

1. d4 Nf6 2. Bf4 d5 3. e3 c5 4. c3 Nc6 5. Nd2 Bf5 6. Qb3 Qc8 7. Ngf3 e6 8. Nh4 Bg6 9. Be2 Be7 10. 0-0 Ne4 11. Nxe4 Bxe4 12. Nf3 c4 13. Qd1 b5 14. Nd2 Bg6 15. a3 0-0 16. Bf3 Bd3 17. Re1 f5 18. Be2 g5 19. Bxd3 gxf4 20. Bc2 fxe3 21. Rxe3 Rf6 22. Qh5 Bd6 23. Nf3 Qd7 24. Rae1 Rg6 25. Ng5 Bf4 26. Nxe6 Bxe3 27. Bxf5 Bxf2+ 28. Kxf2 Qf7 29. Nf4 Rf8 30. g4 Ne7 31. Rxe7 Qxe7 32. Nxg6 hxg6 33. Qxg6+ Qg7 34. Qe6+ Qf7 35. Qxf7+ Kxf7 36. h4 Rh8 37. Kg3 Kf6 38. Bb1 Re8 39. g5+ Kg7 40. h5 Re1 41. h6+ Kf7 42. g6+ Kg8 43. Bf5 a5 44. Kf4 b4 45. axb4 axb4 46. Kg5 bxc3 47. bxc3 Re8 48. g7 Rb8 49. Be6+ Kh7 50. g8Q+ Rxg8+ 51. Bxg8+ Kxg8 52. Kf6 Kh7 53. Ke6 Kxh6 54. Kxd5 Kg5 55. Kxc4 Kf4 56. d5 Kf5 57. Kd4 Kf6 58. c4 Ke7 59. c5 Kd7 60. Ke5 Kc7 61. d6+ Kd7 62. Kd5 Kd8 63. Ke6 Kc8 64. d7+ Kd8 65. c6 Kc7 66. Ke7 Kb6 67. d8Q+ Ka7 68. c7 Kb7 69. c8Q+ Ka7 70. Qa5# 1-0

[Event "TUR-chT"]
[Site "Ankara"]
[Date "2024.07.24"]
[Round "13.30"]
[White "Cilek, Bora"]
[Black "Ince, Taylan Ruzgar"]
[Result "1/2-1/2"]
[WhiteElo "2242"]
[BlackElo "2244"]
[PlyCount "60"]
[EventDate "2024.07.14"]
[EventType "team-tourn"]
[EventRounds "15"]
[EventCountry "TUR"]
[SourceTitle "EXT 2025"]
[Source "ChessBase"]
[SourceDate "2024.10.14"]
[SourceVersion "1"]
[SourceVersionDate "2024.10.14"]
[SourceQuality "1"]
[WhiteTeam "Alacati Satranc"]
[BlackTeam "Apaydin"]
[WhiteTeamCountry "TUR"]
[BlackTeamCountry "TUR"]

1. Nf3 Nf6 2. g3 g6 3. Bg2 Bg7 4. 0-0 0-0 5. d4 d5 6. c3 c6 7. a4 a5 8. Re1 Bf5 9. Nbd2 Qc8 10. Nh4 Bg4 11. Qb3 c5 12. e4 cxd4 13. exd5 dxc3 14. bxc3 Nfd7 15. Ne4 Nc5 16. Nxc5 Qxc5 17. Be3 Qxc3 18. Qxb7 Na6 19. h3 Qc8 20. Qxc8 Bxc8 21. d6 Bxa1 22. dxe7 Re8 23. Bxa8 Bf6 24. Bb6 Rxe7 25. Rc1 Bxh3 26. Bxa5 Bd4 27. Nf3 Ba7 28. Re1 Rxe1+ 29. Bxe1 Nc5 30. a5 Nd3 1/2-1/2

[Event "TUR-chT"]
[Site "Ankara"]
[Date "2024.07.23"]
[Round "12.28"]
[White "Unat, Can Haktan"]
[Black "Cilek, Bora"]
[Result "1/2-1/2"]
[WhiteElo "2312"]
[BlackElo "2242"]
[PlyCount "23"]
[EventDate "2024.07.14"]
[EventType "team-tourn"]
[EventRounds "15"]
[EventCountry "TUR"]
[SourceTitle "EXT 2025"]
[Source "ChessBase"]
[SourceDate "2024.10.14"]
[SourceVersion "1"]
[SourceVersionDate "2024.10.14"]
[SourceQuality "1"]
[WhiteTeam "Burhaniye"]
[BlackTeam "Alacati Satranc"]
[WhiteTeamCountry "TUN"]
[BlackTeamCountry "TUR"]

1. e4 c5 2. Nf3 Nf6 3. e5 Nd5 4. Nc3 e6 5. Nxd5 exd5 6. d4 Nc6 7. dxc5 Bxc5 8. Qxd5 Qb6 9. Bc4 Bxf2+ 10. Ke2 0-0 11. Rf1 Bc5 12. Ng5 1/2-1/2

[Event "TUR-chT"]
[Site "Ankara"]
[Date "2024.07.17"]
[Round "5.6"]
[White "Tarhan, Adar"]
[Black "Cilek, Bora"]
[Result "1-0"]
[WhiteElo "2475"]
[BlackElo "2242"]
[PlyCount "143"]
[EventDate "2024.07.14"]
[EventType "team-tourn"]
[EventRounds "15"]
[EventCountry "TUR"]
[SourceTitle "EXT 2025"]
[Source "ChessBase"]
[SourceDate "2024.10.14"]
[SourceVersion "1"]
[SourceVersionDate "2024.10.14"]
[SourceQuality "1"]
[WhiteTeam "Pamukkale Universiteli"]
[BlackTeam "Alacati Satranc"]
[WhiteTeamCountry "TUR"]
[BlackTeamCountry "TUR"]

1. e4 e5 2. Nf3 Nf6 3. Nxe5 d6 4. Nf3 Nxe4 5. d4 d5 6. Bd3 Bd6 7. 0-0 0-0 8. c4 c6 9. Nc3 Nxc3 10. bxc3 dxc4 11. Bxc4 Bf5 12. Re1 Nd7 13. Bg5 Qc7 14. Be7 Bxe7 15. Rxe7 Qd6 16. Qe2 b5 17. Bb3 a5 18. a4 bxa4 19. Rxa4 Nb6 20. Rxf7 Rxf7 21. Rxa5 Bg6 22. Rxa8+ Nxa8 23. Qe8+ Qf8 24. Qxc6 Qb8 25. Bxf7+ Bxf7 26. h3 Nb6 27. Ne5 Qd8 28. Qc5 Nd5 29. c4 Nf4 30. Nc6 Qa8 31. d5 h6 32. Qe3 Ng6 33. Qd4 Qa4 34. d6 Nf8 35. d7 Nxd7 36. Qxd7 Qxc4 37. Qc8+ Kh7 38. Qf5+ Kg8 39. Ne5 Be6 40. Qf3 Qd4 41. Ng6 Qa1+ 42. Kh2 Bf7 43. Ne7+ Kf8 44. Qe4 Qf6 45. Nf5 Bg6 46. Qa8+ Kf7 47. Qd5+ Kf8 48. g4 h5 49. Qc5+ Kf7 50. Kg3 hxg4 51. hxg4 Bh7 52. Qc7+ Kg8 53. Ne7+ Kf8 54. Nd5 Qe6 55. Nb6 Qe7 56. Qb8+ Qe8 57. Qf4+ Qf7 58. Qd4 Kg8 59. Nd5 Kh8 60. Qe5 Qf8 61. Ne7 Qe8 62. f4 Qa8 63. f5 Qa3+ 64. Kh4 Qa7 65. Qd6 Qa8 66. Kg5 Qe8 67. f6 Qf7 68. Qb8+ Bg8 69. Ng6+ Qxg6+ 70. Kxg6 gxf6 71. Kh6 f5 72. Qb2# 1-0

[Event "Cesme op-A 10th"]
[Site "Cesme"]
[Date "2024.06.28"]
[Round "7"]
[White "Cilek, Bora"]
[Black "Kamer, Kayra"]
[Result "0-1"]
[WhiteElo "2242"]
[BlackElo "2316"]
[PlyCount "120"]
[EventDate "2024.06.23"]
[EventType "swiss"]
[EventRounds "9"]
[EventCountry "TUR"]
[SourceTitle "CBM 220 Extra"]
[Source "ChessBase"]
[SourceDate "2024.07.31"]
[SourceVersion "1"]
[SourceVersionDate "2024.07.31"]
[SourceQuality "1"]

1. Nf3 d5 2. g3 Nc6 3. d4 Bf5 4. Bg2 Qd7 5. 0-0 Bh3 6. c4 Bxg2 7. Kxg2 e6 8. cxd5 exd5 9. Nc3 0-0-0 10. Bf4 f6 11. h4 Nge7 12. Nb5 a6 13. Bxc7 axb5 14. Bxd8 Qxd8 15. Qb3 Qb6 16. a4 b4 17. Rfc1 Kb8 18. Qe3 Na5 19. Rc5 Nc4 20. Qc1 Qd8 21. b3 Na5 22. Qe3 Nec6 23. Rc2 Bd6 24. Qd3 Qe7 25. Rb2 Qe4 26. Rd1 Re8 27. e3 f5 28. Qxe4 fxe4 29. Ng5 h6 30. Nh3 Ne7 31. Rc1 Nf5 32. Kf1 Nc6 33. Ke2 Rf8 34. Kd2 Kc7 35. Rh1 Kd7 36. Rc2 Na5 37. Rb1 Ne7 38. Kc1 Ng8 39. Kb2 Nf6 40. Rg1 Ng4 41. Nf4 g5 42. hxg5 hxg5 43. Nh3 Be7 44. Rh1 Nc6 45. Re1 Rh8 46. Rh1 Rf8 47. Re1 Rf7 48. Rec1 Bf6 49. a5 Rh7 50. a6 bxa6 51. Nxg5 Bxg5 52. Rxc6 Rh2 53. Kb1 Rxf2 54. Rg6 Bxe3 55. Rcc6 Rf1+ 56. Kb2 Bxd4+ 57. Kc2 Ne3+ 58. Kd2 Rf2+ 59. Kc1 Bc3 60. Rxa6 Rf1# 0-1

[Event "TUR-ch U20"]
[Site "Samsun"]
[Date "2024.05.22"]
[Round "7"]
[White "Zerey, Demhat"]
[Black "Cilek, Bora"]
[Result "1/2-1/2"]
[WhiteElo "1986"]
[BlackElo "2246"]
[PlyCount "87"]
[EventDate "2024.05.18"]
[EventType "swiss"]
[EventRounds "9"]
[EventCountry "TUR"]
[SourceTitle "EXT 2025"]
[Source "ChessBase"]
[SourceDate "2024.10.14"]
[SourceVersion "1"]
[SourceVersionDate "2024.10.14"]
[SourceQuality "1"]

1. d4 Nf6 2. Bf4 c5 3. e3 Nd5 4. Bg3 Qb6 5. b3 cxd4 6. Qxd4 Qxd4 7. exd4 Nc6 8. Nf3 g6 9. Bc4 Nf6 10. h3 Bg7 11. c3 0-0 12. Nbd2 d5 13. Bd3 Bf5 14. Ke2 Rac8 15. Bf4 h5 16. Rac1 e6 17. Rhg1 Rfd8 18. Ne5 Bxd3+ 19. Nxd3 Nd7 20. g4 hxg4 21. hxg4 Re8 22. Be3 b5 23. f4 a5 24. Nf3 b4 25. cxb4 Nxb4 26. Nxb4 axb4 27. Bd2 Bf8 28. g5 Be7 29. Kd3 Kf8 30. Rgd1 Rxc1 31. Rxc1 Ra8 32. Rc2 Ke8 33. Ke2 Kd8 34. Ne1 Ra6 35. Nd3 Rb6 36. Ke3 Bd6 37. Be1 Nb8 38. Rh2 Nc6 39. Ne5 Bxe5 40. fxe5 Ra6 41. Kd3 Kd7 42. Rc2 Ra8 43. Rh2 Ra7 44. Rf2 1/2-1/2

[Event "Titled Tuesday intern op 09th Jan Late"]
[Site "Chess.com INT"]
[Date "2024.01.09"]
[Round "3"]
[White "Domalchuk Jonasson, Aleksandr"]
[Black "Cilek, Bora"]
[Result "1/2-1/2"]
[WhiteElo "2362"]
[BlackElo "2243"]
[PlyCount "147"]
[EventDate "2024.01.09"]
[EventType "swiss (blitz)"]
[EventRounds "11"]
[EventCountry "USA"]
[SourceTitle "EXT 2025"]
[Source "ChessBase"]
[SourceDate "2024.10.14"]
[SourceVersion "1"]
[SourceVersionDate "2024.10.14"]
[SourceQuality "1"]

1. f4 g6 2. e4 Bg7 3. d4 d5 4. e5 h5 5. Bd3 c5 6. c3 Nc6 7. Be3 cxd4 8. cxd4 Bf5 9. Bxf5 gxf5 10. Nf3 e6 11. Nc3 Nge7 12. Kf2 Qb6 13. Na4 Qb5 14. Rc1 Ng6 15. Rc5 Qa6 16. a3 Bf8 17. Rc1 Be7 18. b4 Qb5 19. Nc3 Qb6 20. Qa4 0-0 21. Qd1 Rac8 22. Nd2 h4 23. g3 hxg3+ 24. hxg3 Kg7 25. Nb3 Rh8 26. Kg2 Rxh1 27. Qxh1 Nxb4 28. axb4 Qxb4 29. Nc5 Bxc5 30. dxc5 d4 31. Bf2 dxc3 32. Qe1 a5 33. Qxc3 Qe4+ 34. Qf3 Ne7 35. Qxe4 fxe4 36. Rb1 Nd5 37. Bd4 Nb4 38. Kf2 Rd8 39. Bc3 Nd3+ 40. Ke3 Nxc5 41. Bd4 Rd5 42. Rb5 Nd3 43. Rxb7 Nb4 44. Kxe4 Nc6 45. Bb2 a4 46. f5 Ra5 47. Rc7 a3 48. Bxa3 Rxa3 49. Rxc6 Ra4+ 50. Kf3 exf5 51. Rf6 Ra3+ 52. Kf4 Ra4+ 53. Kxf5 Ra3 54. Kf4 Ra4+ 55. Kf5 Ra3 56. Kg4 Ra4+ 57. Rf4 Ra5 58. Re4 Kg6 59. Kf4 Rd5 60. Ra4 Rd1 61. Ra6+ Kg7 62. Ra7 Rf1+ 63. Kg5 Re1 64. Kf5 Rf1+ 65. Kg4 Re1 66. Kf4 Rf1+ 67. Ke4 Re1+ 68. Kd4 Kg6 69. Ra6+ Kg7 70. Ra3 Kg6 71. Rf3 Ra1 72. Rf6+ Kg7 73. Ke4 Ra4+ 74. Kf5 1/2-1/2

[Event "Titled Tuesday intern op 26th Dec Late"]
[Site "Chess.com INT"]
[Date "2023.12.26"]
[Round "2"]
[White "Cilek, Bora"]
[Black "Guzman Lozano, Campo Elias"]
[Result "1-0"]
[WhiteElo "2246"]
[BlackElo "1837"]
[PlyCount "51"]
[EventDate "2023.12.26"]
[EventType "swiss (blitz)"]
[EventRounds "11"]
[EventCountry "USA"]
[SourceTitle "EXT 2025"]
[Source "ChessBase"]
[SourceDate "2024.10.14"]
[SourceVersion "1"]
[SourceVersionDate "2024.10.14"]
[SourceQuality "1"]

1. d4 Nf6 2. Bf4 d6 3. Nf3 c6 4. Nc3 g6 5. e4 Bg7 6. Qd2 h5 7. 0-0-0 Qa5 8. Kb1 b5 9. e5 b4 10. exf6 Bxf6 11. Ne4 Bg7 12. a3 Na6 13. Bxa6 Bxa6 14. Qxb4 Qf5 15. Nxd6+ exd6 16. Qxd6 Bc4 17. d5 Bxd5 18. Rxd5 cxd5 19. Re1+ Qe4 20. Rxe4+ dxe4 21. Bg5 f6 22. Qe6+ Kf8 23. Bxf6 Re8 24. Qd6+ Kf7 25. Ng5+ Kg8 26. Qd5+ 1-0